Ley orgánica del Consejo Nacional de Producción y Precios. Dictamen

Պահպանված է:
Մատենագիտական մանրամասներ
Համատեղ հեղինակ: Costa Rica. Asamblea Legislativa
Ձևաչափ: Տեքստ
Հրապարակվել է: s.n.t. :
Ցուցիչներ: Ավելացրեք ցուցիչ
Չկան պիտակներ, Եղեք առաջինը, ով նշում է այս գրառումը!

MARC

LEADER 00000 a a2200000 04500
001 15724
003
040
090 |a 014200  
110 |a Costa Rica. Asamblea Legislativa  
245 |a Ley orgánica del Consejo Nacional de Producción y Precios. Dictamen  
260 |a s.n.t. :  
300 |a 25 p.  
500 |a Proyecto de ley  
999 |c 11982  |d 11982